Language Quiz

Random Language Quiz

Jumbled Trios ③ Quiz Stats

 Plays Quiz not verified by Sporcle

Score 0/48 Timer 07:00
0 Plays Today
% Correct
three
97.4%
beard
97.2%
there
97%
bread
96.4%
Earth
93.9%
heart
92.3%
steak
90.5%
skate
90%
throw
88.1%
organ
87.5%
Saxon
86.9%
worth
85%
early
83.6%
groan
83.3%
Maine
82.6%
Keats
81.1%
ether
80.4%
anime
78.8%
argon
76.3%
tines
73.7%
regal
73.5%
axons
73.1%
glare
72.6%
lager
72%
% Correct
rifle
70.7%
drape
68.4%
stein
67.9%
lifer
67.3%
Padre
64.9%
flier
63.1%
Leary
63%
pared
60.1%
inset
57.5%
wroth
53.6%
layer
53.4%
hater
48.7%
Naxos
38.5%
trace
36.4%
trove
36.4%
amine
35%
caret
34.8%
cater
34.6%
vôtre
33.6%
overt
32.3%
taper
30.4%
prate
27.9%
debar
26.7%
Petra
19.6%

You're not logged in!

Compare scores with friends on all Sporcle quizzes.
OR
Log In

Show Comments

Extras

Top Quizzes Today


Score Distribution

Your Account Isn't Verified!

In order to create a playlist on Sporcle, you need to verify the email address you used during registration. Go to your Sporcle Settings to finish the process.

Report this User

Report this user for behavior that violates our Community Guidelines.

Details: